Libya since the revolution : aspects of social and political development

Saved in:
Bibliographic Details
Main Author: Deeb, Marius K.
Other Authors: Deeb, Mary Jane
Format: Book
Language:English
Published: New York : Praeger, 1982
Subjects:
Tags: Add Tag
No Tags, Be the first to tag this record!

MARC

LEADER 00000nam a2200000 i 4500
001 1/27772
008 020927s1982 eng d
020 |a 0-275-90780-5 
035 |l 10068498 
040 |a GR-MY-UA  |b gre  |e aacr 
041 0 |a eng 
082 0 |a 961.2 
100 1 |a Deeb, Marius K. 
245 1 0 |a Libya since the revolution :  |b aspects of social and political development /  |c Marius K. Deeb and Mary Jane Deeb 
260 |a New York :   |b Praeger,   |c 1982 
300 |a 156 p.;  |c 25 cm. 
651 0 |a Libya  |x Social conditions. 
651 0 |a Libya  |x Politics and government. 
700 1 |a Deeb, Mary Jane. 
852 |a INST  |b RHODES  |e 20020927  |h 961.2 DEE  |p 005400016155  |q 005400016155  |t BK  |y 0 
901 |a BIBL4-2002-3 
909 |a Ρ  |b 102443 
922 |a 4ΕΛΗ  |b 200209  |c ΚΠΣ/124 
950 |a 124-2002-03-12 
970 |a ΚΟΥΛΑΚΙΟΤΗ  |b ΛΙΤΣΑ  |z 2002/10/03